000 00840nam a2200241Ia 4500
003 GCL
008 140319s9999 xx 000 0 ara d
040 _aGCL /
_cGCL
082 0 4 _a128.3
_bب ق
100 1 _aسيار الجميل
245 1 0 _aقضايا التنوير والنهضة فى الفكر العربى المعاصر /
_cسيار الجميل
700 1 _aمصطفى عمر التير
700 1 _aبومدين بوزيد
250 _aالاولى
260 _aالقاهرة :
_bمركز دراسات الوحدة العربية ،
_c1999
300 _a278 ص ؛
_c24 سم
490 _aسلسلة كتب المستقبل العربى
_v18
650 0 4 _aالثقافة
650 0 4 _aالتنوير
650 0 4 _aالحداثة
650 0 4 _aعلم الاجتماع - الوطن العربى
942 _2ddc
_cBK
999 _c6840
_d6840